000 00334nam a2200133Ia 4500
008 220204s9999 xx 000 0 und d
082 _a582.4
_bRAD
100 _aRadford, Albert E
245 0 _aVascular plant systematics
260 _aNew York
_bHarper & Row
_c1974
650 _aFloristics
650 _aVascular plant
942 _cBK
999 _c24042
_d24042